| Tag |
First Indicator |
Second Indicator |
Subfields |
| LEADER |
00000cam a2200000 i 4500 |
| 001 |
in00005716721 |
| 005 |
20260319180325.8 |
| 006 |
m o d |
| 007 |
cr |n||||||||| |
| 008 |
181210s2019 enka ob 001 0 eng d |
| 040 |
|
|
|a YDX
|b eng
|e rda
|e pn
|c YDX
|d N$T
|d EBLCP
|d N$T
|d OCLCF
|d STBDS
|d CEF
|d STF
|d YOU
|d OH1
|d BRX
|d OKU
|d OCLCQ
|d UKAHL
|d OCLCQ
|d K6U
|d OCLCO
|d SFB
|d OCLCO
|d OCLCQ
|d OCLCO
|d OCLCL
|d CLOUD
|d OCLCO
|d OCLCQ
|d OCLCL
|d NHI
|
| 019 |
|
|
|a 1082349335
|a 1084552418
|a 1084630701
|a 1085078697
|a 1086083465
|a 1086337209
|a 1298472255
|a 1370505916
|a 1503850953
|a 1541778097
|
| 020 |
|
|
|a 9780191836572
|q (electronic bk.)
|
| 020 |
|
|
|a 0191836575
|q (electronic bk.)
|
| 020 |
|
|
|a 9780192514486
|q (electronic bk.)
|
| 020 |
|
|
|a 0192514482
|q (electronic bk.)
|
| 020 |
|
|
|z 9780198795285
|
| 020 |
|
|
|z 0198795289
|
| 035 |
|
|
|a (OCoLC)1078425839
|z (OCoLC)1082349335
|z (OCoLC)1084552418
|z (OCoLC)1084630701
|z (OCoLC)1085078697
|z (OCoLC)1086083465
|z (OCoLC)1086337209
|z (OCoLC)1298472255
|z (OCoLC)1370505916
|z (OCoLC)1503850953
|z (OCoLC)1541778097
|
| 050 |
|
4 |
|a HD9999.C9472
|
| 072 |
|
7 |
|a BUS
|x 070000
|2 bisacsh
|
| 082 |
0 |
4 |
|a 338.477
|2 23
|
| 084 |
|
|
|a 83.05
|2 bcl
|
| 049 |
|
|
|a TXAM
|
| 100 |
1 |
|
|a Townley, Barbara,
|d 1954-
|e author.
|1 https://id.oclc.org/worldcat/entity/E39PCjrY8xhGRMjvTbRq4wqvVy
|
| 245 |
1 |
0 |
|a Creating economy :
|b enterprise, intellectual property, and the valuation of goods /
|c Barbara Townley, Philip Roscoe, and Nicola Searle.
|
| 264 |
|
1 |
|a Oxford :
|b Oxford University Press,
|c 2019.
|
| 264 |
|
4 |
|c ©2019
|
| 300 |
|
|
|a 1 online resource (x, 224 pages) :
|b illustrations
|
| 336 |
|
|
|a text
|b txt
|2 rdacontent
|
| 337 |
|
|
|a computer
|b c
|2 rdamedia
|
| 338 |
|
|
|a online resource
|b cr
|2 rdacarrier
|
| 504 |
|
|
|a Includes bibliographical references and index.
|
| 505 |
0 |
|
|a Creating economy -- IP/IPR as a market object -- IP/IPR and economic agency -- Nobody knows : managing uncertainty -- Constructing value -- Realizing value -- Protecting value -- The ambiguities of IP/IPR.
|
| 520 |
|
|
|a Creativity has been valorised as a form of capital in its own right, but what is economic about creativity? This book offers a fresh approach to this topic within the creative industries. Through a focus on intellectual property, it shows how IP shapes creative products and configures the economic agency of creative producers.
|
| 588 |
0 |
|
|a Online resource; title from PDF file page (EBSCO, viewed January 24, 2019).
|
| 650 |
|
0 |
|a Cultural industries
|x Economic aspects.
|
| 650 |
|
0 |
|a Intellectual property.
|
| 650 |
|
0 |
|a Value.
|
| 650 |
|
6 |
|a Industries culturelles
|x Aspect économique.
|
| 650 |
|
6 |
|a Propriété intellectuelle.
|
| 650 |
|
6 |
|a Valeur.
|
| 650 |
|
7 |
|a intellectual property.
|2 aat
|
| 650 |
|
7 |
|a value (economic concept)
|2 aat
|
| 650 |
|
7 |
|a BUSINESS & ECONOMICS
|x Industries
|x General.
|2 bisacsh
|
| 650 |
|
7 |
|a Intellectual property
|2 fast
|
| 650 |
|
7 |
|a Value
|2 fast
|
| 655 |
|
7 |
|a Electronic books.
|2 local
|
| 700 |
1 |
|
|a Roscoe, Philip,
|e author
|1 https://id.oclc.org/worldcat/entity/E39PCjDhvKyBYVD649gVWrTQWP
|
| 700 |
1 |
|
|a Searle, Nicola,
|e author
|1 https://id.oclc.org/worldcat/entity/E39PCjJJDp46ttqwdXj3kYw8cq
|
| 758 |
|
|
|i has work:
|a Creating economy (Text)
|1 https://id.oclc.org/worldcat/entity/E39PCGB3F7gjgYDPp6ffbbK68C
|4 https://id.oclc.org/worldcat/ontology/hasWork
|
| 776 |
0 |
8 |
|i Print version:
|a Townley, Barbara, 1954-
|t Creating economy.
|b First edition.
|d Oxford : Oxford University Press, 2019
|z 9780198795285
|w (DLC) 2018950877
|w (OCoLC)1040617642
|
| 776 |
0 |
8 |
|c Original
|z 9780198795285
|z 0198795289
|
| 856 |
4 |
0 |
|u http://proxy.library.tamu.edu/login?url=https://academic.oup.com/book/5973
|z Connect to the full text of this electronic book
|t 0
|
| 955 |
|
|
|a Oxford Scholarship Online
|
| 994 |
|
|
|a 92
|b TXA
|
| 999 |
f |
f |
|i 1eed4d84-f834-4baf-b9bc-265917666d2b
|s df0a7693-e56b-4e35-a144-00485ea87c6f
|t 0
|
| 952 |
f |
f |
|a Texas A&M University
|b College Station
|c Electronic Resources
|s www_evans
|d Available Online
|t 0
|e HD9999.C9472
|h Library of Congress classification
|
| 998 |
f |
f |
|a HD9999.C9472
|t 0
|l Available Online
|